| 000 | 01027nam a2200301Ia 4500 | ||
|---|---|---|---|
| 001 | Para_8777 | ||
| 003 | CHAP | ||
| 008 | 220125s2003 xx 000 0 und d | ||
| 010 | _a207558 | ||
| 040 | _cCHAP | ||
| 090 | _aPA TESIS 1751 | ||
| 100 |
_aAguirre Ocegueda, Orlando _93020 |
||
| 245 |
_aEvaluación de daños por Epilachna varivestis Muls. (Coleoptera : _b Coccinellidae) en variedades de frijol en Chapingo, México / _c por Orlando Aguirre Ocegueda |
||
| 260 |
_aChapingo, Méx. : _b el autor |
||
| 300 | _a52 h. | ||
| 502 | _aTesis (Ing. Agr. Esp. en Parasitología Agrícola) -- UACh. Departamento Parasitología Agrícola | ||
| 650 |
_aColeopteros _925123 |
||
| 650 |
_aEpilachna varisvestis _9164743 |
||
| 650 |
_aFrijol _x plagas _943415 |
||
| 710 |
_aUACh. Departamento Parasitología Agrícola _9164025 |
||
| 901 | _aPA TESIS 1751 | ||
| 902 | _aA | ||
| 905 | _a0000002003 an 0000000000 00 | ||
| 910 | _a2003 | ||
| 942 | _cPARA | ||
| 942 |
_cPARA _d1 |
||
| 999 |
_c207558 _d207558 |
||